000 00635caa a22002057a 4500
999 _c458471
_d458471
001 5149283
003 UA-OsUOA
005 20200310150740.0
008 200310b un ||||| |||| 00| 0 ukr d
040 _aUA-OsUOA
_bukr
_cUA-OsUOA
_dUA-OsUOA
041 _aukr
080 _a908
090 _a908
100 _aПрисяжний К.
245 _aЛуцька брама в Острозі
_cК. Присяжний
300 _aС. 344–354
650 _2UDC
773 0 _0399317
_9416565
_dОстрог НаУОА 2013
_o148880
_tОстрозький краєзнавчий збірник
_w(UA-OsUOA) 113460
942 _2udc
_cBKA